000 01054nam0a22002531i 4500
001 rc\3250029
005 20240726085441.0
021 _aRU
_b[74-12608]
021 _aRU
_b[73-23898а]
035 _a(NLR Aleph) 007542423
090 _a9769252
_c9769252
100 _a20130115d1973 |||y0rusy50 ca
101 0 _arus
102 _aRU
105 _ay d |||||
200 1 _aАлгоритмизация и решение некоторых задач оптимизации процесса нефтеперевозок
_e(На примере груз. мор. пароходства)
_eАвтореф. дис. на соиск. учен. степени канд. техн. наук
_e(05.255)
_fГруз. политехн. ин-т им. В.И. Ленина
210 _aТбилиси
_d1973
215 _a24 с.
700 1 _aЧитава
_bЗ.Д.
_gЗураб Дементьевич
790 1 _aЧитава
_bЗ.Д.
_gЗураб Доментьевич
801 0 _aRU
_bNLR
_gpsbo
801 1 _aRU
_bELAR
_2rusmarc
852 _aNLR
_j73-4/42651
942 _cBOOK